A survey of the Lordship of St John, in the Barony of Narragh and Reban, County Kildare, the estate of His Grace James, Duke of Leinster (Record no. 116897)
[ view plain ]
| 000 -LEADER | |
|---|---|
| fixed length control field | 01446ctm a22002295a 4500 |
| 001 - CONTROL NUMBER | |
| control field | L140525 |
| 008 - FIXED-LENGTH DATA ELEMENTS--GENERAL INFORMATION | |
| fixed length control field | 070926s1768 ie e 0 h eng u |
| 035 ## - SYSTEM CONTROL NUMBER | |
| System control number | (Sirsi) u140525 |
| 041 0# - LANGUAGE CODE | |
| Language code of text/sound track or separate title | eng |
| 100 1# - MAIN ENTRY--PERSONAL NAME | |
| Personal name | Scale, Bernard |
| 245 02 - TITLE STATEMENT | |
| Title | A survey of the Lordship of St John, in the Barony of Narragh and Reban, County Kildare, the estate of His Grace James, Duke of Leinster |
| Medium | [cartographic material] |
| 255 ## - CARTOGRAPHIC MATHEMATICAL DATA | |
| Statement of scale | Scales differ |
| 260 ## - PUBLICATION, DISTRIBUTION, ETC. | |
| Date of publication, distribution, etc. | 1768 |
| 300 ## - PHYSICAL DESCRIPTION | |
| Extent | 1 v. |
| Other physical details | col. |
| Dimensions | 53 x 74 cm. + |
| Accompanying material | 1 sheet (25 cm.) |
| 500 ## - GENERAL NOTE | |
| General note | Volume bound in 'full brown Morocco, with wide gilt tooled dentelles borders all round front and back covers, fully gilt tooled spine with raised bands, and elaborate title within a gilt tooled border in centre of front cover' (from bookseller's catalogue) |
| 500 ## - GENERAL NOTE | |
| General note | Volume contains nine hand-drawn and coloured maps, each with a 'reference' on the opposite page. The 'general survey' is accompanied by an index. |
| 500 ## - GENERAL NOTE | |
| General note | Volume is accompanied by a letter dated 22 October 1965 from the bookseller, Stanley Crowe, including a copy of the exerpt from his catalogue relating to the item. |
| 505 ## - FORMATTED CONTENTS NOTE | |
| Formatted contents note | General survey -- Town and parts of Athy -- Town of Athy -- Ballnabought -- Tonelegee -- Bennett's Bridge -- Round Hills -- Rath Steward -- Intermixed lands. |
| 651 4# - SUBJECT ADDED ENTRY--GEOGRAPHIC NAME | |
| Geographic name | Ireland (Republic of) |
| Chronological subdivision | |
| 690 ## - LOCAL SUBJECT ADDED ENTRY--TOPICAL TERM (OCLC, RLIN) | |
| Topical term or geographic name as entry element | ENVIRONMENTAL AND LAND CONSULTANCY-GEOMATICS-MAPPING AND POSITIONING-CARTOGRAPHY |
| 942 ## - ADDED ENTRY ELEMENTS (KOHA) | |
| Suppress in OPAC | 0 |
| Withdrawn status | Lost status | Source of classification or shelving scheme | Damaged status | Not for loan | Home library | Current library | Shelving location | Date acquired | Total Checkouts | Full call number | Barcode | Date last seen | Copy number | Price effective from | Koha item type |
|---|---|---|---|---|---|---|---|---|---|---|---|---|---|---|---|
| Dewey Decimal Classification | Historic collection | Historic collection | Historic collection | 26/09/2007 | MAP CABINET DRAWER 10 | 140525-2001 | 06/08/2019 | 1 | 06/08/2019 | Archive |